| 000 | 00581nam a2200181Ia 4500 | ||
|---|---|---|---|
| 003 | GCL | ||
| 008 | 140319s9999 xx 000 0 ara d | ||
| 040 |
_aGCL / _cGCL |
||
| 082 | 0 | 4 |
_aق _b809 _bا ف |
| 100 | 1 | _aاحمد عبدالحميد يوسف | |
| 245 | 1 | 0 |
_aفى الادب المصرى القديم / _cاحمد عبدالحميد يوسف |
| 700 | 1 | _aمحمود انور شكرى (تقديم) | |
| 300 | _a160 | ||
| 490 |
_aمكتبة الحضارات _v0 |
||
| 650 | 0 | 4 | _aالادب المصرى القديم |
| 650 | 0 | 4 | _aالادب والتاريخ |
| 942 |
_2ddc _cBK |
||
| 999 |
_c44063 _d44063 |
||